No soy Stiller
Wedi'i Gadw mewn:
| Prif Awdur: | |
|---|---|
| Fformat: | Llyfr |
| Iaith: | Sbaeneg |
| Cyhoeddwyd: |
Barcelona
Seix Barral
1983
|
| Rhifyn: | 2a. ed |
| Cyfres: | Biblioteca Breve
|
| Pynciau: | |
| Tagiau: |
Ychwanegu Tag
Dim Tagiau, Byddwch y cyntaf i dagio'r cofnod hwn!
|
MARC
| LEADER | 00000nam a2200000 a 4500 | ||
|---|---|---|---|
| 001 | UCK4990 | ||
| 003 | CL-VaPUC | ||
| 008 | 050708e19830000SP |||||||||||||||||spa|d | ||
| 020 | |a 8432200301 | ||
| 082 | 0 | 4 | |a 830.03 |b FRI |2 21 |
| 100 | 0 | |a Frisch, Max |e author |9 493653 | |
| 245 | 1 | 0 | |a No soy Stiller |
| 250 | |a 2a. ed | ||
| 300 | |a 515 p | ||
| 942 | |c BK | ||
| 945 | |d 20050708 00:00:00 |a cmena | ||
| 260 | |a Barcelona |b Seix Barral |c 1983 | ||
| 650 | 7 | |a NOVELAS SUIZAS |2 CL-VaPUC |9 493654 | |
| 650 | 7 | |a LITERATURA SUIZA |2 CL-VaPUC |9 493655 | |
| 650 | 0 | |a Problemas sociales |9 258537 | |
| 583 | |a last modification |c 20050708 00:00:00 |k Rodrigo Vera | ||
| 490 | 0 | |a Biblioteca Breve | |
| 999 | |c 313689 |d 313687 | ||
| 952 | |0 0 |1 0 |4 0 |6 830_030000000000000_FRI_1983 |7 0 |8 A |9 385175 |a BIBEDU |b BIBEDU |d 2019-11-22 |i 4143817 |l 4 |m 2 |o 830.03 FRI 1983 |p 4143817 |r 2024-06-19 |s 2023-03-22 |w 2019-11-22 |y BK |k LIT | ||